[Event "BCF-ch U14"]
[Site "Hull"]
[Date "2024.08.02"]
[Round "6"]
[White "Pargan, Hasti"]
[Black "Ingleby, Michael"]
[Result "0-1"]
[WhiteElo "1555"]
[BlackElo "1112"]
[PlyCount "84"]
[EventDate "2024.07.28"]
[EventType "swiss"]
[EventRounds "7"]
[EventCountry "ENG"]
[SourceTitle "EXT 2025"]
[Source "ChessBase"]
[SourceDate "2024.10.14"]
[SourceVersion "1"]
[SourceVersionDate "2024.10.14"]
[SourceQuality "1"]

1. e4 e5 2. Nf3 Nc6 3. d4 exd4 4. Bc4 d6 5. Nxd4 Bd7 6. 0-0 Qf6 7. Nxc6 Bxc6 8. Bd5 Bxd5 9. exd5 Be7 10. Qe2 Qe5 11. Qb5+ Kf8 12. Qxb7 Re8 13. Qxa7 Bd8 14. Nc3 Nf6 15. Bd2 Ng4 16. f4 Qf5 17. Qa4 Nf6 18. Rae1 Rxe1 19. Rxe1 g6 20. Be3 Kg7 21. Bd4 Rf8 22. Re8 Rxe8 23. Qxe8 Qxf4 24. Qe3 Qxe3+ 25. Bxe3 Ng4 26. Bd4+ f6 27. Nb5 Ne5 28. Na7 Kf7 29. a4 Nc4 30. b3 Na5 31. Nc6 Nxc6 32. dxc6 Ke6 33. b4 Kd5 34. b5 Kxd4 35. a5 Kc5 36. c4 f5 37. g3 d5 38. a6 Kb6 39. cxd5 Be7 40. Kf2 Bc5+ 41. Kf3 Kxb5 42. d6 Kxc6 0-1

[Event "BCF-ch U14"]
[Site "Hull"]
[Date "2024.07.31"]
[Round "4"]
[White "Walia, Michael Kanishk"]
[Black "Ingleby, Michael"]
[Result "1-0"]
[WhiteElo "1682"]
[BlackElo "1112"]
[PlyCount "123"]
[EventDate "2024.07.28"]
[EventType "swiss"]
[EventRounds "7"]
[EventCountry "ENG"]
[SourceTitle "EXT 2025"]
[Source "ChessBase"]
[SourceDate "2024.10.14"]
[SourceVersion "1"]
[SourceVersionDate "2024.10.14"]
[SourceQuality "1"]

1. e4 e5 2. Nf3 Nc6 3. Bc4 f6 4. d3 Bc5 5. c3 b6 6. 0-0 Bb7 7. d4 Bd6 8. dxe5 Nxe5 9. Nxe5 Bxe5 10. Qg4 Qe7 11. Bf4 g6 12. Nd2 0-0-0 13. Bxe5 Qxe5 14. Qf3 Rf8 15. Qd3 Qd6 16. Qc2 Kb8 17. b4 f5 18. a4 fxe4 19. Nxe4 Qc6 20. Bd3 Nf6 21. f3 Nxe4 22. Bxe4 Qc4 23. Bxb7 Kxb7 24. a5 Re8 25. axb6 cxb6 26. Qa4 Ra8 27. Qxd7+ Qc7 28. Qd4 Rhd8 29. Qe3 Re8 30. Qd2 Red8 31. Qc2 Qc4 32. Rfd1 Rxd1+ 33. Rxd1 Qe6 34. Qd3 Rc8 35. Rc1 Rc7 36. c4 Rd7 37. Qc3 Qe2 38. Rf1 Rd2 39. Qg7+ Kc8 40. Qh8+ Kc7 41. Qxh7+ Kc8 42. Qxg6 Rd1 43. Qg4+ Kd8 44. Qh4+ Kd7 45. Qg4+ Ke8 46. Rxd1 Qxd1+ 47. Kf2 Qd2+ 48. Kg3 Qe1+ 49. Kh3 Qxb4 50. Qe6+ Kd8 51. g4 Qf8 52. Qd5+ Ke7 53. Qb7+ Ke8 54. Qb8+ Kf7 55. Qxa7+ Kg8 56. Qxb6 Qxf3+ 57. Kh4 Qg2 58. h3 Qf1 59. Qd8+ Kg7 60. Qg5+ Kh8 61. Qe5+ Kh7 62. Qf5+ 1-0

[Event "BCF-ch U14"]
[Site "Hull"]
[Date "2024.07.30"]
[Round "3"]
[White "Chapman, Luke"]
[Black "Ingleby, Michael"]
[Result "1-0"]
[WhiteElo "1709"]
[BlackElo "1112"]
[PlyCount "103"]
[EventDate "2024.07.28"]
[EventType "swiss"]
[EventRounds "7"]
[EventCountry "ENG"]
[SourceTitle "EXT 2025"]
[Source "ChessBase"]
[SourceDate "2024.10.14"]
[SourceVersion "1"]
[SourceVersionDate "2024.10.14"]
[SourceQuality "1"]

1. e4 e5 2. Nc3 Nf6 3. f4 d6 4. Nf3 Nc6 5. Bb5 exf4 6. d4 Bd7 7. 0-0 a6 8. Bd3 Bg4 9. Be2 Qe7 10. h3 Bh5 11. Re1 0-0-0 12. Bxf4 Re8 13. Bg5 h6 14. Bxf6 Qxf6 15. Nd5 Qe6 16. Nf4 Qxe4 17. Nxh5 Qg6 18. Nf4 Qf6 19. Nd5 Qe6 20. Bc4 Qd7 21. c3 Kd8 22. Rxe8+ Qxe8 23. Qe1 Qxe1+ 24. Rxe1 b5 25. Bb3 Be7 26. Nxe7 Nxe7 27. Bxf7 Rf8 28. Bb3 a5 29. Nh4 Rf6 30. Re6 Rxe6 31. Bxe6 c5 32. Nf5 Nxf5 33. Bxf5 cxd4 34. cxd4 Kc7 35. Kf2 Kc6 36. Be4+ d5 37. Bf3 b4 38. b3 Kb5 39. Bxd5 a4 40. bxa4+ Kxa4 41. Bb3+ Kb5 42. d5 Kc5 43. Ke3 Kd6 44. Ke4 g6 45. g4 h5 46. gxh5 gxh5 47. h4 Ke7 48. Ke5 Kd7 49. d6 Kd8 50. Ke6 Ke8 51. d7+ Kd8 52. Bc4 1-0

[Event "BCF-ch U14"]
[Site "Hull"]
[Date "2024.07.29"]
[Round "2"]
[White "Ingleby, Michael"]
[Black "Grose, Kameron"]
[Result "0-1"]
[WhiteElo "1112"]
[BlackElo "1776"]
[PlyCount "78"]
[EventDate "2024.07.28"]
[EventType "swiss"]
[EventRounds "7"]
[EventCountry "ENG"]
[SourceTitle "EXT 2025"]
[Source "ChessBase"]
[SourceDate "2024.10.14"]
[SourceVersion "1"]
[SourceVersionDate "2024.10.14"]
[SourceQuality "1"]

1. e4 c5 2. Nc3 d6 3. Nf3 Nf6 4. d3 Nc6 5. Bf4 g6 6. Qd2 Bg7 7. Bh6 0-0 8. Bxg7 Kxg7 9. Be2 Rb8 10. 0-0 b5 11. a3 Bd7 12. Nd5 e6 13. Ne3 Qc7 14. h3 d5 15. Ng4 Nxg4 16. hxg4 d4 17. g3 e5 18. Nh2 Qd6 19. Qg5 c4 20. Rfb1 Be6 21. b3 cxb3 22. cxb3 b4 23. a4 Na5 24. Bd1 Rbc8 25. Qd2 Rc3 26. Ra2 Bxb3 27. Bxb3 Nxb3 28. Qd1 Na5 29. Rc2 b3 30. Rxc3 dxc3 31. Rxb3 Nxb3 32. Qxb3 Qc5 33. Qc2 Rb8 34. Kh1 Rb2 35. Qc1 Qxf2 36. Qg1 Qxg1+ 37. Kxg1 c2 38. Kg2 c1Q+ 39. Kh3 Qh6# 0-1

[Event "BCF-ch U14 blitz"]
[Site "Hull"]
[Date "2024.07.25"]
[Round "6"]
[White "Mehta, Sophie"]
[Black "Ingleby, Michael"]
[Result "1-0"]
[WhiteElo "1657"]
[BlackElo "1112"]
[PlyCount "67"]
[EventDate "2024.07.25"]
[EventType "swiss (blitz)"]
[EventRounds "9"]
[EventCountry "ENG"]
[SourceTitle "CBM 221 Extra"]
[Source "ChessBase"]
[SourceDate "2024.09.30"]
[SourceVersion "1"]
[SourceVersionDate "2024.09.30"]
[SourceQuality "1"]

1. d4 d5 2. Bf4 Nc6 3. e3 Nf6 4. Nf3 Bf5 5. c3 e6 6. Nbd2 Bd6 7. Bg3 Bxg3 8. hxg3 Qe7 9. Bb5 0-0 10. 0-0 Qd6 11. Be2 Ne4 12. Nxe4 dxe4 13. Nd2 e5 14. Bg4 Qg6 15. Bxf5 Qxf5 16. Qc2 exd4 17. cxd4 Rfe8 18. Nf3 Nb4 19. Qb1 Nd3 20. Nd2 Nb4 21. a3 Nc6 22. Nf3 g6 23. Nd2 Rad8 24. Nc4 b6 25. b4 Nxd4 26. exd4 Rxd4 27. Ne3 Qh5 28. Qb2 Rd6 29. Rad1 Rxd1 30. Rxd1 h6 31. Re1 Qe5 32. Qxe5 Rxe5 33. Nc4 Re7 34. f3 1-0

[Event "BCF-ch U14 blitz"]
[Site "Hull"]
[Date "2024.07.25"]
[Round "3"]
[White "Xu, Jiarui"]
[Black "Ingleby, Michael"]
[Result "1-0"]
[WhiteElo "1687"]
[BlackElo "1112"]
[PlyCount "43"]
[EventDate "2024.07.25"]
[EventType "swiss (blitz)"]
[EventRounds "9"]
[EventCountry "ENG"]
[SourceTitle "CBM 221 Extra"]
[Source "ChessBase"]
[SourceDate "2024.09.30"]
[SourceVersion "1"]
[SourceVersionDate "2024.09.30"]
[SourceQuality "1"]

1. e4 e5 2. Nf3 Nc6 3. Bc4 Bc5 4. d3 Nf6 5. 0-0 b6 6. Bg5 h6 7. Be3 Bxe3 8. fxe3 Bb7 9. h3 Qe7 10. Nc3 0-0-0 11. Qd2 g5 12. Nd5 Nxd5 13. Bxd5 Rdg8 14. Nh2 Rf8 15. Rf3 Na5 16. Bb3 Rh7 17. Raf1 Nxb3 18. axb3 h5 19. Rf5 d6 20. Qf2 Bc6 21. Rf6 Be8 22. Qf5+ 1-0